A magántanulóság problematikája

Bibliographic Details
Main Author: Bogdán Csaba
Other Authors: Farkas Dr Julianna
Format: Thesis
Kulcsszavak:Magántanuló
Tehetséggondozás
alternatív irányzat
Szabad tanulás
Önálló képzés
Online Access:http://dolgozattar.uni-bge.hu/15986

MARC

LEADER 00000nta a2200000 i 4500
001 dolg15986
005 20181115143341.0
008 180511suuuu hu om 000 hun d
040 |a BGE Dolgozattár Repozitórium  |b hun 
041 |a hu 
100 1 |a Bogdán Csaba 
245 1 2 |a A magántanulóság problematikája  |c Bogdán Csaba  |h [elektronikus dokumentum] 
246 1 1 |a A magántanulóság problematikája 
695 |a Magántanuló 
695 |a Tehetséggondozás 
695 |a alternatív irányzat 
695 |a Szabad tanulás 
695 |a Önálló képzés 
700 1 |a Farkas Dr Julianna  |e ths 
856 4 0 |u http://dolgozattar.uni-bge.hu/15986/1/I7DGPC.pdf  |z Dokumentum-elérés